Movies Sharing Words Quiz Stats

Quiz Updated Mar 6, 2012

Also try: Making Movies
Challenge
Share
Tweet
Embed
Score 0/20 Timer 02:00
0 Plays Today
Less Serious Movie Missing Word % Correct
___ in BlackMen
99.2%
Barefoot in the ___Park
98.7%
She-___Devil
98.1%
___ BenjaminPrivate
98%
The Breakfast ___Club
97.7%
___ PieAmerican
96.5%
___ ShotsHot
94.2%
___ MamaBaby
94%
Mean ___Girls
93.5%
There's Something About ___Mary
93.4%
Less Serious Movie Missing Word % Correct
The ___ MontyFull
92.6%
___ RunningsCool
90.7%
___ CountyOrange
90.6%
___, Inc.Monsters
89.9%
___ DurhamBull
88.6%
Some Kind of ___Wonderful
84.7%
___ HogsWild
83.4%
The ___ BridePrincess
80.9%
Annie ___Hall
64.8%
___ ThingBeautiful
54.9%

You're not logged in!

Compare scores with friends on all Sporcle quizzes.
Join for Free
OR
Log In

You Might Also Like...

Show Comments

Extras

Top Quizzes Today


Score Distribution

Your Account Isn't Verified!

In order to create a playlist on Sporcle, you need to verify the email address you used during registration. Go to your Sporcle Settings to finish the process.

Report this User

Report this user for behavior that violates our Community Guidelines.

Details: